One Hit Wonders in Formula 1 - Grand Prix Winners - Statistics

General Stats
  • This quiz has been taken 634 times
    190 since last reset
  • The average score is 12 of 25
Answer Stats
GP Won Name Car Nationality % Correct
2021 Hungarian Grand Prix Esteban Ocon Alpine France
95%
2020 Italian Grand Prix Pierre Gasly AlphaTauri France
95%
2012 Spanish Grand Prix Pastor Maldonado Williams Venezuela
85%
2008 Canadian Grand Prix Robert Kubica BMW Sauber Poland
85%
2008 Hungarian Grand Prix Heikki Kovalainen McLaren Finland
81%
2004 Monaco Grand Prix Jarno Trulli Renault Italy
76%
1995 Canadian Grand Prix Jean Alesi Ferrari France
70%
1996 Monaco Grand Prix Olivier Panis Ligier France
68%
1989 Japanese Grand Prix Alessandro Nannini Benetton Italy
46%
1975 Spanish Grand Prix Jochen Mass McLaren Germany
46%
1951 French Grand Prix Luigi Fagioli Alfa Romeo Italy
43%
1975 Brazilian Grand Prix José Carlos Pace Brabham Brazil
42%
1971 United States Grand Prix François Cevert Tyrrell France
41%
1977 Belgian Grand Prix Gunnar Nilsson Lotus Sweden
37%
1959 Dutch Grand Prix Joakim Bonnier BRM Sweden
35%
1956 Argentine Grand Prix Luigi Musso Ferrari Italy
35%
1975 Austrian Grand Prix Vittorio Brambilla March Italy
35%
1964 Austrian Grand Prix Lorenzo Bandini Ferrari Italy
33%
1965 Mexican Grand Prix Richie Ginther Honda USA
32%
1952 Swiss Grand Prix Piero Taruffi Ferrari Italy
31%
1961 French Grand Prix Giancarlo Baghetti Ferrari Italy
28%
1966 Italian Grand Prix Ludovico Scarfiotti Ferrari Italy
28%
1971 Italian Grand Prix Peter Gethin BRM UK
28%
1972 Monaco Grand Prix Jean-Pierre Beltoise BRM France
25%
1961 United States Grand Prix Innes Ireland Lotus UK
21%
No matching quizzes found
Score Distribution
Percent of People with Each Score
Percentile by Number Answered
Your Score History
You have not taken this quiz since the last reset